Games in Squid Game - Statistics

General Stats
  • This quiz has been taken 247 times
    5 since last reset
  • The average score is 10 of 27
Answer Stats
season Game % Correct
S1, S2, TCS1, TCS2 Game Red Light, Green Light
100%
S1 Game Squid Game
100%
S1 & TCS1 Game Glass Stepping Stones
80%
S3 Game Hide N' Seek
80%
S1 & S2 Game Lights Out
80%
S1, TCS1, TCS2 Game Marbles
80%
S3 Game Sky Squid Game
80%
S1 & TCS1 Game Dalgona
60%
S3 Game Jump Rope
60%
S2 & TCS2 Game Mingle
60%
TCS1 Game Rock, Paper, Scissors
40%
S2 & TCS2 Game Six-Legged Pentathlon
40%
S1 Game Tug-Of-War
40%
S1 & S2 Minigame Ddakji
20%
S2 & TCS2 Minigame Gong-Gi
20%
S2 & TCS2 Minigame Jegi
20%
S2 Minigame Russian Roulette
20%
TCS2 Minigame Ball in a Cup
0%
TCS2 Game Catch
0%
TCS1 & TCS2 Game Circle of Trust
0%
TCS2 Minigame House of Cards
0%
S2 Minigame Rock, Paper, Scissors, Minus One
0%
TCS2 Game Shuffleboard
0%
TCS2 Game Slides and Ladders
0%
S2 Minigame Spinning Top
0%
S2 & TCS2 Minigame Throwing Stones
0%
TCS1 Game Warships
0%
No matching quizzes found
Score Distribution
Percent of People with Each Score
Percentile by Number Answered
Your Score History
You have not taken this quiz since the last reset